000 01621nam a2200205Ia 4500
003 Ost
005 20260507075114.0
008 260507s9999||||xx |||||||||||||| ||und||
020 _a9961623657
040 _cfsecg
041 _aara
082 _a330
100 _aدويدار، محمد
_eمؤلف
245 0 _aمبادئ الاقتصاد السياسي :
_bالأساسيات /
_c محمد دويدار
260 _aالجزائر:
_bالمؤسسة الوطنية للفنون المطبعية,
_c2004
300 _a1079 صفحة؛
_bإيضاحات ؛
_c24 سم
504 _aالمراجع ص.1059(اقتناءات 2014 01ن) ج1-الأساسيات ج2-الاقتصاد النقدي ج3-الاقتصاد الدولي ج4-الاقتصاد المالي
520 _aالاقتصاد السياسي علم اجتماعي، الاقتصاد السياسي كعلم، تاريخ الاقتصاد السياسي، الآقتصاد السياسي علم طرق الانتاج، الاقتصاد السياسي والرأسمالية، النظرية بي الكلاسيك وماركس، النظريd الاقتصادية للمدرسة النيوكلاسيكية، ف ينقد النظرية الحدية في تحديد الاثمان، الجوانب السلبية للعملية الاقتصادية الرأسمالية، الاقتصاد السياسي والاشتراكية، التركيب التنظيمي للاقتصاد المخطط، عملية التخطيط الاقتصادي، المشكلات الاقتصادية كما تعرض في الاقتصاد المخطط
942 _cكتاب
999 _c42988
_d42988